Normal view MARC view

Entry Personal Name

Number of records used in: 1

001 - CONTROL NUMBER

  • control field: 10012

003 - CONTROL NUMBER IDENTIFIER

  • control field: DLC

005 - DATE AND TIME OF LATEST TRANSACTION

  • control field: 20231204154407.0

008 - FIXED-LENGTH DATA ELEMENTS

  • fixed length control field: 080703n| acannaabn |a aaa

010 ## - LIBRARY OF CONGRESS CONTROL NUMBER

  • LC control number: n 2008205678

040 ## - CATALOGING SOURCE

  • Original cataloging agency: DLC
  • Language of cataloging: eng
  • Transcribing agency: DLC

100 1# - HEADING--PERSONAL NAME

  • Personal name: Tejani, Shabnum

400 0# - SEE FROM TRACING--PERSONAL NAME

  • Personal name: Shabnum Tejani

670 ## - SOURCE DATA FOUND

  • Source citation: Tejani, Shabnum. Indian secularism, c2007:
  • Information found: t.p. (Shabnum Tejani) jkt. (lect. in history, Sch. of Oriental and African Studies, London U.)

Powered by Koha